000 01022nam a22002777a 4500
001 BD-DhSAU 9278
003 BD-DhSAU
005 20251111163842.0
008 150613b2018 bg a|||| m||| 00| 0 eng d
040 _aBD-DhSAU
082 _222
_a630
_bSh42
100 _aAHMED, SHEIKH JUBAYED
_eRegistration # 17-07887
245 _aSeed dormancy regulation in boro rice mediated by maleic hydrazide /
_bMS thesis
260 _aSher-e-Bangla Agricultural University :
_bDepartment of Agronomy,
_c2024;
300 _axi, 61p. :
_bill. ;
_c30 cm.
500 _aMS thesis of Department of Agonomy, Faculty of Agriculture, Sher-e-Bangla Agricultural University, Dhaka, Bangladesh
504 _aIncludes bibliographical reference.
590 _aNazmul
650 _aseed dormancy regulation
650 _aboro rice mediated
651 _amaleic hydrazide
700 _aProf. Dr. Md. Abdullahil Baque
_eSuperviser
700 _aProf. Dr. H. M. M. Tariq Hossain
_eCo-superviser
942 _2ddc
_cTHESIS
999 _c18140
_d18139